header

Clinical studies in neuro-psychoanalysis (Record no. 231763)

MARC details
000 -LEADER
fixed length control field 01335nam a2200337Ia 4500
100 1# - MAIN ENTRY--AUTHOR NAME
Personal name Kaplan-Solms, Karen.
245 10 - TITLE STATEMENT
Title Clinical studies in neuro-psychoanalysis
250 ## - EDITION STATEMENT
Edition statement 2nd ed.
260 ## - PUBLICATION, DISTRIBUTION, ETC. (IMPRINT)
Place of publication New York :
Name of publisher Karnac,
Year of publication c2002.
300 ## - PHYSICAL DESCRIPTION
Number of Pages xii, 320 p., [1] p. :
Other physical details ill. (some col.)
650 #0 - SUBJECT ADDED ENTRY--TOPICAL TERM
Topical Term Neuropsychiatry.
Topical Term Psychoanalysis.
Topical Term Neurobehavioral disorders.
700 1# - ADDED ENTRY--PERSONAL NAME
Personal name Solms, Mark.
856 40 - ELECTRONIC LOCATION AND ACCESS
Uniform Resource Identifier http://site.ebrary.com/lib/rucke/Doc?id=10463983

No items available.

© 2026 Rongo University
Contact us: librarian | system librarian | Rongo university